000 00466 a2200169 4500
001 066060
003 OSt
005 20210909102238.0
008
082 _a194
_bJ34J
245 1 _aThe jean baudrillard
_cedited by Steve Redhead
260 _aEdinburgh
_bEdinburgh University Press
_c2008
300 _a226p.
690 _aBaudrillard, Jean, 1929-2007; Sociology--Philosophy
700 _eRedhead, Steve, ed.
942 _2ddc
_cBK
999 _c252
_d252